[Event "45th Olympiad 2024"]
[Site "Budapest HUN"]
[Date "2024.09.18"]
[Round "7.74"]
[Board "2"]
[White "Prasad, Rudr"]
[Black "Eichab, Charles"]
[Result "0-1"]
[WhiteElo "1777"]
[BlackElo "2013"]
[PlyCount "74"]
[EventDate "2024.09.11"]
[WhiteTeam "Fiji"]
[BlackTeam "Namibia"]
[WhiteTeamCountry "FIJ"]
[BlackTeamCountry "NAM"]

1. d4 Nf6 2. c4 e6 3. g3 d5 4. Bg2 c5 5. Nf3 Nc6 6. cxd5 exd5 7. O-O Be7 8. dxc5 Bxc5 9. Qc2 Be7 10. a3 ({RR} 10. Rd1 O-O 11. Nc3 Bg4 12. a3 Rc8 13. Be3 Re8 14. Ng5 g6 15. Qb3 Na5 16. Qa2 Rxc3 17. bxc3 Qc7 18. Bxd5 Nxd5 19. Qxd5 Bxg5 20. Qxg5 Bxe2 21. Re1 Nb3 22. Rxe2 Nxa1 23. Qf6 Qd8 24. Bd4 {1-0 Andreikin,D (2635)-Bezgodov,A (2490) Moscow op-A 2010 (2)}) ({RR} 10. Rd1 O-O 11. Nc3 Be6 12. Be3 Qd7 13. Bd4 Rac8 14. Rac1 Rfd8 15. e3 Nxd4 16. Nxd4 Bh3 17. Qe2 Bb4 18. Qd3 h5 19. Nce2 Bxg2 20. Kxg2 g6 21. Nf3 a6 22. Nf4 Rxc1 23. Rxc1 Qe7 24. Rd1 Ba5 {1-0 Pingin,A (2329)-Tarasov,Y (1877) Urals-ch Cheliabinsk 2022 (4)}) 10... O-O 11. Rd1 Be6 $146 ({RR} 11... Bg4 12. Nc3 h6 13. Be3 Na5 14. h3 Be6 15. Nd4 Nc4 16. Bf4 Qc8 17. Nxe6 fxe6 18. g4 Nxg4 19. Bc1 Qc5 20. e3 Rxf2 21. Qg6 Rxg2+ 22. Kxg2 Ngxe3+ 23. Bxe3 Nxe3+ 24. Kh1 Nxd1 25. Qxe6+ Kh8 26. Rxd1 {0-1 Demmery,S (2162)-Sambuev,B (2524) Guelph Fall 50 50 Pro-Am 2007 (1)}) ({RR} 11... h6 12. b4 a6 13. Bb2 Be6 14. Nd4 Rc8 15. Nc3 Nxd4 16. Rxd4 Qc7 17. Qd2 a5 18. Bxd5 Bxd5 19. Nxd5 Nxd5 20. Rxd5 axb4 21. axb4 Qc2 22. b5 Qxd2 23. Rxd2 Bb4 24. Rd4 Bc5 25. Rd7 Rfe8 26. e3 {1-0 Rodrigues da Silva,E (2177)-Da Silva Tomaz,L (1756) Joao Pessoa op 2013 (6)}) 12. b4 Rc8 13. Qd3 Ne4 14. Bb2 Bf6 15. Nd4 Qb6 16. Bxe4 dxe4 17. Qxe4 Nxd4 18. Rxd4 Bxd4 19. Bxd4 Rc1+ 20. Kg2 Qc6 21. Qxc6 Rxc6 22. Nd2 Rc2 23. Nf1 Rxe2 24. Bxa7 Ra2 25. Rxa2 Bxa2 26. Bc5 Ra8 27. Ne3 Rxa3 28. Kf3 Be6 29. Ke4 f6 30. h4 Ra2 31. f3 Kf7 32. h5 Bd7 33. f4 Rd2 34. Nc4 Bc6+ 35. Kf5 Bf3 36. Nxd2 g6+ 37. hxg6+ hxg6# 0-1

[Event "45th Olympiad 2024"]
[Site "Budapest HUN"]
[Date "2024.09.18"]
[Round "7.74"]
[Board "3"]
[White "Khoa, Goodwill"]
[Black "Terubea, Ronald"]
[Result "1-0"]
[WhiteElo "1890"]
[BlackElo "1836"]
[PlyCount "89"]
[EventDate "2024.09.11"]
[WhiteTeam "Namibia"]
[BlackTeam "Fiji"]
[WhiteTeamCountry "NAM"]
[BlackTeamCountry "FIJ"]

1. Nf3 Nc6 2. c4 e5 3. Nc3 Nf6 4. d3 d5 5. cxd5 Nxd5 6. g3 Be7 7. Bg2 ({RR} 7. Nxd5 Qxd5 8. Bg2 Be6 9. O-O Qd7 10. Be3 O-O 11. a3 Bd5 12. Rc1 a6 13. Qc2 Rfe8 14. Rfd1 Bd6 15. b4 f6 16. Qb2 Qf7 17. Bc5 Red8 18. e4 Bb3 19. Rd2 Bxc5 20. bxc5 Rab8 21. d4 exd4 {½-½ Caruana,F (2792)-Karjakin,S (2743) Gashimov Memorial Rapid 7th 2021 (5.3)}) ({RR} 7. Nxd5 Qxd5 8. Bg2 O-O 9. O-O Qd8 10. Be3 Re8 11. Rc1 Bf6 12. Nd2 Nd4 13. Ne4 Be7 14. Nc5 c6 15. a3 a5 16. Re1 Qb6 17. Bxd4 exd4 18. Qc2 Bg4 19. h3 Bc8 20. b3 Bf8 21. Qc4 Qd8 {0-1 Domalchuk-Jonasson,A (2338)-Sorensen,H (2449) 1st Munich Pfingst-Open A 2023 (5.11)}) 7... Be6 8. Qa4 O-O 9. O-O Nb6 $146 ({RR} 9... f6 10. Bd2 Qd7 11. Rfc1 Rfd8 12. Ne4 Nd4 13. Qxd7 Rxd7 14. Nxd4 exd4 15. Nc5 Bxc5 16. Rxc5 c6 17. h3 Ne7 18. b4 Bd5 19. a4 a6 20. Bxd5+ Nxd5 21. a5 Re8 22. Kf1 Rde7 23. Re1 Nc7 24. e4 {0-1 Vodopivec,R-Tirkajla,B (2122) Nerezine Losinj op 2005 (5)}) 10. Qc2 f5 11. Bd2 Bf6 12. Qc1 h6 13. Rd1 Qe7 14. Bh3 g5 15. Bg2 g4 16. Nh4 Bxh4 17. gxh4 Qxh4 18. Bxh6 Rf7 19. Qg5+ Qxg5 20. Bxg5 Kh7 21. f4 Rg8 22. Rac1 Nd4 23. e3 Nf3+ 24. Bxf3 gxf3 25. Kf2 exf4 26. exf4 Nd5 27. Nb5 Nf6 28. h3 c6 29. Nc3 Nd5 30. a3 Rd7 31. Kxf3 Nc7 32. Rd2 Bb3 33. Re1 Rgg7 34. h4 a5 35. Re5 Rgf7 36. Rxa5 b5 37. Ra7 c5 38. Kf2 Rf8 39. Nxb5 Rff7 40. Nxc7 Rxc7 41. Rxc7 Rxc7 42. Re2 Kg6 43. Re7 Rc6 44. Kg3 c4 45. h5+ 1-0

[Event "45th Olympiad 2024"]
[Site "Budapest HUN"]
[Date "2024.09.18"]
[Round "7.74"]
[Board "4"]
[White "Maharaj, Yash Krishen"]
[Black "Nitzborn, Max Baron"]
[Result "1/2-1/2"]
[WhiteElo "1847"]
[BlackElo "1800"]
[PlyCount "102"]
[EventDate "2024.09.11"]
[WhiteTeam "Fiji"]
[BlackTeam "Namibia"]
[WhiteTeamCountry "FIJ"]
[BlackTeamCountry "NAM"]

1. e4 c5 2. Nf3 Nc6 3. d4 cxd4 4. Nxd4 g6 5. c4 Bg7 6. Be3 Nf6 7. Nc3 d6 8. f3 Bd7 9. Qd2 O-O 10. Be2 Nxd4 11. Bxd4 Bc6 12. O-O b6 ({RR} 12... Nh5 13. Be3 f5 14. exf5 gxf5 15. Rad1 Qa5 16. Nd5 Qxd2 17. Rxd2 f4 18. Bf2 Bxd5 19. Rxd5 Nf6 20. Rb5 b6 21. Bd3 Nd7 22. Rh5 h6 23. Be4 Rac8 24. Bd5+ Kh7 25. Be4+ Kh8 26. Bf5 Rc7 27. Bxd7 {½-½ Sulypa,O (2478)-Bernasek,J (2517) Olomouc Valoz Cup GM-A 2007 (4)}) 13. Be3 ({RR} 13. b4 a6 14. Rac1 Nd7 15. Bxg7 Kxg7 16. f4 a5 17. a3 axb4 18. axb4 Ra3 19. Nd5 e6 20. Qb2+ Kg8 21. Qxa3 exd5 22. cxd5 Ba8 23. Bb5 Nf6 24. Qd3 Qe7 25. Rfe1 Nh5 26. Qe3 Qf6 27. g3 Qd8 {1-0 Valiyev,S (2244)-Brown,R (1899) Titled Tue 30th Apr Late 2024 (1)}) 13... Rc8 $146 ({RR} 13... Re8 14. Rab1 Rc8 15. Rfc1 Qc7 16. b4 Qb8 17. c5 Red8 18. cxb6 axb6 19. Ba6 Bb7 20. Bf1 Bc6 21. Qf2 Nd7 22. Ba6 Rc7 23. Nb5 Bxb5 24. Bxb5 Rdc8 25. Rxc7 Rxc7 26. a4 Bc3 27. Bxd7 Rxd7 28. Bxb6 {1-0 Sorgic,D (2247)-Filipovic,T (1818) Belgrade Trophy 26th 2012 (1)}) 14. Rac1 Qd7 15. b3 Qb7 16. Rfe1 Nd7 17. Nd5 Rfe8 18. Nb4 a5 19. Nxc6 Qxc6 20. f4 Qxe4 21. Bg4 Qc6 22. Bxd7 Qxd7 23. Bxb6 Qc6 24. Bf2 Ra8 25. Qd5 Qc7 26. Rcd1 Kf8 27. f5 Be5 28. Bd4 Bxd4+ 29. Qxd4 Qc5 30. Qxc5 dxc5 31. Re5 Rac8 32. Kf2 Rc6 33. g4 Rec8 34. Red5 Kg7 35. g5 gxf5 36. Rxf5 h6 37. Rd7 Kg6 38. Re5 hxg5 39. Rexe7 Rf6+ 40. Kg2 Rcc6 41. Rd5 Rfe6 42. Rxe6+ Rxe6 43. Rxc5 Re2+ 44. Kg3 Rxa2 45. h4 f6 46. hxg5 fxg5 47. Rd5 Ra3 48. Rb5 a4 49. Kg4 Rxb3 50. Rxg5+ Kf6 51. Ra5 Rb4 1/2-1/2

[Event "45th Olympiad 2024"]
[Site "Budapest HUN"]
[Date "2024.09.18"]
[Round "7.75"]
[Board "1"]
[White "Giasi, Viresh"]
[Black "Khalema, Sechaba"]
[Result "1-0"]
[WhiteElo "1998"]
[BlackElo "1779"]
[PlyCount "57"]
[EventDate "2024.09.11"]
[WhiteTeam "Suriname"]
[BlackTeam "Lesotho"]
[WhiteTeamCountry "SUR"]
[BlackTeamCountry "LES"]

1. d4 d5 2. Nf3 Nf6 3. e3 Bg4 4. Nbd2 e6 5. Be2 Be7 6. b3 ({RR} 6. O-O O-O 7. b3 c5 8. Bb2 cxd4 9. exd4 Nc6 10. Ne5 Bxe2 11. Qxe2 Rc8 12. Nxc6 bxc6 13. c4 Nd7 14. c5 Bf6 15. b4 Rb8 16. Bc3 Qc7 17. f4 Rfe8 18. Nb3 Bd8 19. g3 Nf6 20. Nd2 Nd7 {1-0 Vassis,A (1602)-Katsanis,V (1726) Nikaia op 29th 2022 (2)}) 6... Nbd7 7. Bb2 Qb8 $146 ({RR} 7... h6 8. O-O O-O 9. c4 a5 10. a3 c6 11. Bd3 Bf5 12. Qb1 Bxd3 13. Qxd3 Qb6 14. Rfc1 Rfd8 15. Qc2 Rdc8 16. Rab1 Qd8 17. e4 Qf8 18. e5 Nh7 19. c5 b6 20. b4 b5 21. Nb3 Bd8 22. Bc3 {½-½ Fries Nielsen,J (2415)-Fominyh,A (2535) Rimavska Sobota 1991 (3)}) ({RR} 7... O-O 8. h3 Bh5 9. O-O Ne4 10. Rc1 f5 11. c4 c6 12. Ne5 Bxe2 13. Qxe2 Rc8 14. Nxe4 fxe4 15. f4 Nxe5 16. fxe5 Bg5 17. Ba3 Be7 18. Rxf8+ Kxf8 19. Bxe7+ Qxe7 20. cxd5 exd5 21. Qg4 Re8 22. h4 {½-½ Uhl,P (1702)-Moellmann,V (1774) SVR-ch MAT 36th 2013 (6)}) 8. Ne5 Bxe2 9. Qxe2 Nb6 10. O-O O-O 11. f4 Nc8 12. Ng4 Nd6 13. Nxf6+ Bxf6 14. Ba3 Rd8 15. Bxd6 Rxd6 16. g4 g6 17. b4 a5 18. b5 c5 19. c3 a4 20. e4 Rd7 21. e5 Bd8 22. f5 cxd4 23. cxd4 Bb6 24. Nf3 Rc7 25. Rac1 Qc8 26. Rxc7 Qxc7 27. Qe3 Qc2 28. f6 Qe4 29. Qh6 1-0

[Event "45th Olympiad 2024"]
[Site "Budapest HUN"]
[Date "2024.09.18"]
[Round "7.75"]
[Board "2"]
[White "Thabang, Mphane"]
[Black "Yeung, Jason"]
[Result "0-1"]
[WhiteElo "1799"]
[BlackElo "1993"]
[PlyCount "98"]
[EventDate "2024.09.11"]
[WhiteTeam "Lesotho"]
[BlackTeam "Suriname"]
[WhiteTeamCountry "LES"]
[BlackTeamCountry "SUR"]

1. Nf3 Nf6 2. c4 e6 3. g3 d5 4. Bg2 c6 5. O-O dxc4 6. a4 Be7 ({RR} 6... Nbd7 7. Na3 Bxa3 8. bxa3 O-O 9. Qc2 b5 10. Nd4 Ne5 11. Nxc6 Nxc6 12. Bxc6 Bd7 13. Bxa8 Qxa8 14. Bb2 Nd5 15. axb5 Bxb5 16. Bxg7 Rc8 17. Bd4 Ne7 18. f3 Nf5 19. Bf2 h5 20. Qe4 Qxe4 21. fxe4 {1-0 Pantsulaia,L (2564)-Fier,A (2604) AimChess Rapid Play-In 2023 (5.42)}) 7. Na3 O-O 8. Nxc4 b6 $146 ({RR} 8... Nbd7 9. a5 Nd5 10. d4 N7f6 11. Nfe5 Bd7 12. Qb3 Rb8 13. e4 Nc7 14. Bf4 Bc8 15. Rfd1 Nh5 16. Be3 Nb5 17. d5 Qc7 18. a6 bxa6 19. Nxc6 exd5 20. exd5 Bg4 21. Re1 Nd4 22. Nxe7+ Qxe7 23. Qd3 {1-0 Ivanov,N (1838)-Antsiferov,V RUS-ch Silent 2017 (4)}) ({RR} 8... a5 9. d4 b5 10. Nce5 Nd5 11. Bd2 Ba6 12. Re1 c5 13. dxc5 Bxc5 14. Nd3 Bb6 15. axb5 Bxb5 16. Qb3 Qe8 17. e4 Nc7 18. Rec1 a4 19. Qc2 Nba6 20. Nfe5 Kh8 21. Nc4 Qb8 22. Bf4 Bd4 23. Bd6 {0-1 Ghimpu,S (2467)-Nastase,R (2226) ch-ROU 2024 Eforie Nord ROU (2.4)}) ({RR} 8... a5 9. b3 Na6 10. Bb2 Nb4 11. Nfe5 Nfd5 12. e4 Nb6 13. d4 Nxc4 14. bxc4 Bf6 15. Ng4 Be7 16. Ne3 b6 17. f4 Ra7 18. Qe2 Qe8 19. g4 f6 20. h4 Bd6 21. Rad1 c5 22. e5 fxe5 23. dxe5 {1-0 Malay,S (1976)-Tsolov,E (1934) BUL-chT2 64th 2015 (3.4)}) 9. Nfe5 Qc7 10. d4 Bb7 11. Bf4 Nh5 12. Bd2 Rd8 13. e4 Nf6 14. Bf4 Qc8 15. a5 b5 16. Ne3 a6 17. g4 c5 18. d5 exd5 19. exd5 g6 20. h4 Nfd7 21. Nf3 Nf6 22. Ne5 Nfd7 23. Nxd7 Qxd7 24. g5 Bf8 25. Rc1 Qc8 26. Ng4 Nd7 27. Bh3 Bg7 28. Qd2 c4 29. Bd6 c3 30. Qe3 Qc4 31. Rfd1 Bxd5 32. f3 Re8 33. Bf1 Qc6 34. Be7 Bxf3 35. Rxd7 Qxd7 36. Nf6+ Bxf6 37. gxf6 Qg4+ 38. Kf2 Qh5 39. Rxc3 Bd5 40. Qg5 Qxg5 41. hxg5 Rac8 42. Rd3 Rc2+ 43. Be2 Bc4 44. Re3 Rxb2 45. Kf3 Rxe2 46. Rxe2 Bxe2+ 47. Kxe2 Rc8 48. Kd3 Rc4 49. Bd6 Rg4 0-1

[Event "45th Olympiad 2024"]
[Site "Budapest HUN"]
[Date "2024.09.18"]
[Round "7.75"]
[Board "3"]
[White "Chashawa, Shaief"]
[Black "Karabo Mokete"]
[Result "0-1"]
[WhiteElo "1825"]
[BlackElo "1836"]
[PlyCount "154"]
[EventDate "2024.09.11"]
[WhiteTeam "Suriname"]
[BlackTeam "Lesotho"]
[WhiteTeamCountry "SUR"]
[BlackTeamCountry "LES"]

1. e4 c5 2. Nf3 d6 3. d4 cxd4 4. Nxd4 Nf6 5. Nc3 a6 6. Bg5 e6 7. Qd2 h6 8. Bxf6 Qxf6 9. O-O-O Nc6 10. Nxc6 bxc6 11. Bc4 Qd8 12. f4 Be7 13. Kb1 ({RR} 13. Bb3 Bb7 14. Rhe1 O-O 15. Kb1 d5 16. exd5 cxd5 17. f5 Bg5 18. Qf2 Rc8 19. Ne4 Qe7 20. Nxg5 Qxg5 21. fxe6 fxe6 22. Qb6 Ba8 23. Qxa6 Qxg2 24. Qxe6+ Kh8 25. Rg1 Qxh2 26. Rh1 Qf4 27. Bxd5 Bxd5 {1-0 Teimouri Yadkuri,S (2203)-Persson,R (2106) Titled Tue 25th Jun Early 2024 (1)}) 13... Rb8 14. b3 $146 ({RR} 14. Qe3 Qb6 15. Qxb6 Rxb6 16. Rhe1 O-O 17. Bb3 Rd8 18. a3 Kf8 19. g4 d5 20. f5 d4 21. Na4 Rb8 22. fxe6 fxe6 23. e5 c5 24. Bc4 Bd7 25. Bb3 c4 26. Bxc4 Bxa4 27. Bxe6 Bxa3 28. b3 Bb5 {0-1 Esplana,A-Garcia Toledo,J (2316) PER-ch Regional Centro 2002 (1)}) ({RR} 14. Bb3 O-O 15. h4 d5 16. g4 Bb4 17. Qe3 Qb6 18. Qf3 Qa5 19. g5 h5 20. Ka1 Bxc3 21. Qxc3 Qxc3 22. bxc3 a5 23. Rhe1 Ba6 24. f5 exf5 25. exf5 Rfe8 26. Rxe8+ Rxe8 27. Ba4 Bb7 28. Rb1 Re7 {1-0 Paravyan,D (2617)-Sadzikowski,D (2525) Wch Blitz Warsaw 2021 (2)}) ({RR} 14. g4 Qb6 15. Bb3 O-O 16. h4 c5 17. Na4 Qb4 18. Qe2 Bd7 19. Nc3 Bb5 20. Nxb5 axb5 21. c3 Qa5 22. g5 c4 23. Bc2 b4 24. gxh6 bxc3 25. hxg7 Rxb2+ 26. Kc1 Rfb8 27. e5 Rb1+ {0-1 Zedek,F (1915)-Eidelson,R (2280) Moravia-ch 1997}) ({RR} 14. Bb3 d5 15. f5 O-O 16. Qe2 Bf6 17. fxe6 fxe6 18. exd5 exd5 19. Ne4 Be7 20. c4 Rxb3 21. axb3 Bf5 22. cxd5 cxd5 23. Qxa6 Bxe4+ 24. Ka2 Qa8 25. Qa4 Qb7 26. Rd4 Ra8 27. Qxa8+ Qxa8+ 28. Ra4 Qb8 {0-1 Kostolansky,S (2209)-Kolesar,M (2129) Tatry op Tatranske Zruby 2018 (5)}) 14... Qa5 15. Ne2 Qa3 16. Ng3 d5 17. Be2 a5 18. Qd4 Bf6 19. e5 Be7 20. Qb2 Qb4 21. Qd4 c5 22. Qd2 c4 23. Qxb4 Rxb4 24. c3 Rb6 25. Kc2 cxb3+ 26. axb3 Bd7 27. Ra1 a4 28. bxa4 O-O 29. a5 Rbb8 30. Rhb1 Bc5 31. Nf1 Bc6 32. Bf3 Bb5 33. a6 Ba7 34. Kd2 Rb6 35. Be2 Bc6 36. Rxb6 Bxb6 37. Ne3 Rd8 38. Nc2 d4 39. Bf3 Bxf3 40. gxf3 dxc3+ 41. Kxc3 f6 42. Ra4 fxe5 43. fxe5 Kh7 44. Rc4 Ba5+ 45. Kb3 Rd3+ 46. Ka4 Bb6 47. f4 Kg6 48. Kb5 Bg1 49. Nb4 Rb3 50. Ka4 Rb2 51. Rc2 Rxc2 52. Nxc2 Kf5 53. Kb5 Kxf4 54. Nb4 Ba7 55. Nd3+ Ke4 56. Kc4 g5 57. Nb4 h5 58. Nc6 Bb6 59. Kb5 Be3 60. Na5 g4 61. Kc6 Kd3 62. Nb7 Kc4 63. Nd8 h4 64. Nxe6 g3 65. hxg3 h3 66. Nf4 h2 67. e6 Bxf4 68. gxf4 h1=Q+ 69. Kd7 Kc5 70. e7 Qc6+ 71. Kd8 Qd6+ 72. Ke8 Qxa6 73. f5 Qf6 74. Kd7 Qd6+ 75. Ke8 Kd5 76. Kf7 Qd7 77. f6 Qe6+ 0-1

[Event "45th Olympiad 2024"]
[Site "Budapest HUN"]
[Date "2024.09.18"]
[Round "7.75"]
[Board "4"]
[White "Motlomelo, Lihloela"]
[Black "Kalka, Shiva"]
[Result "0-1"]
[WhiteElo "1696"]
[BlackElo "1849"]
[PlyCount "106"]
[EventDate "2024.09.11"]
[WhiteTeam "Lesotho"]
[BlackTeam "Suriname"]
[WhiteTeamCountry "LES"]
[BlackTeamCountry "SUR"]

1. e4 c5 2. Nf3 e6 3. d4 cxd4 4. Nxd4 Nc6 5. Nc3 Qc7 6. Be3 a6 7. Be2 b5 8. Qd2 Bb7 9. f3 Nf6 10. O-O-O Bb4 ({RR} 10... b4 11. Na4 d5 12. Nxc6 Bxc6 13. Nb6 Rb8 14. e5 Nd7 15. Nxd7 Bxd7 16. Bd4 b3 17. axb3 Rxb3 18. Kb1 Rb4 19. c3 Rb8 20. Qe3 Rb3 21. Rd2 Be7 22. Bd1 Rb7 23. h4 O-O 24. Be2 Rfb8 25. f4 {0-1 Dyachuk,A (2240)-Pasti,A (2389) Titled Tue 2nd Jan Late 2024 (7)}) 11. Kb1 $146 ({RR} 11. a3 Be7 12. g4 d6 13. h4 b4 14. axb4 Nxb4 15. g5 Nd7 16. h5 Rc8 17. g6 Bf6 18. Kb1 h6 19. f4 Nc5 20. Ndb5 axb5 21. Nxb5 Qa5 22. Nxd6+ Kf8 23. Bc4 Ra8 24. Bxc5 Qa1# {0-1 Dekker,A (2121)-Ross,C (2146) BCF-chT4 0708 (4NCL) 2007 (11.3)}) 11... Rc8 12. Nxc6 Bxc6 13. a3 Be7 14. g4 O-O 15. g5 Ne8 16. Na2 a5 17. Bd3 d5 18. h4 Nd6 19. Bf4 Qb7 20. Bxd6 Bxd6 21. exd5 Bxd5 22. Be4 Bxe4 23. fxe4 Bc7 24. Qe1 Qc6 25. Qe2 Be5 26. Rh3 Qc5 27. Rb3 Rb8 28. Qe3 Qc4 29. Qd3 Qc6 30. Qe2 Rfc8 31. Rbd3 f6 32. gxf6 Bxf6 33. h5 Qc5 34. c3 Qe5 35. h6 g6 36. Qg2 b4 37. cxb4 axb4 38. Nxb4 Rc4 39. Re3 Bg5 40. Re2 Bxh6 41. Qh2 Bf4 42. Qg2 Rd4 43. Rf1 Qd6 44. Qf3 g5 45. Rg2 Kh8 46. e5 Bxe5 47. Rxg5 Rd2 48. Rf2 Rxf2 49. Qxf2 Rf8 50. Qe1 Bf6 51. Rh5 Qd4 52. Rh2 Rg8 53. Rh1 Qxb2# 0-1

[Event "45th Olympiad 2024"]
[Site "Budapest HUN"]
[Date "2024.09.18"]
[Round "7.76"]
[Board "1"]
[White "AH KYE, Benitot"]
[Black "Al Maashani, Amer"]
[Result "0-1"]
[WhiteElo "1815"]
[BlackElo "1979"]
[PlyCount "80"]
[EventDate "2024.09.11"]
[WhiteTeam "Mauritius"]
[BlackTeam "Oman"]
[WhiteTeamCountry "MRI"]
[BlackTeamCountry "OMN"]

1. e4 c5 2. Nf3 g6 3. d4 cxd4 4. Nxd4 Nf6 5. Nc3 d6 6. Be3 Nc6 7. f3 h5 8. Qd2 Nxd4 9. Qxd4 Bg7 10. O-O-O O-O 11. Qd2 Be6 12. Kb1 Rc8 13. Bd4 Kh7 $146 ({RR} 13... a6 14. Nd5 Bxd5 15. exd5 b5 16. Be2 Qd7 17. Rhe1 Qf5 18. Qc1 Rc7 19. g4 hxg4 20. fxg4 Nxg4 21. Rf1 Qc8 22. Bxg7 Kxg7 23. Rd4 Ne5 24. h4 Qh3 25. Qf4 Rfc8 26. Re4 f6 27. c3 Rb8 28. Rg1 {½-½ Hagenmeyer,F (1998)-Gallana,M (2276) 51st Sparkassen Open A 2024 (1.38)}) 14. h3 Qa5 15. a3 Nd7 16. Bxg7 Kxg7 17. g4 Rh8 18. Be2 Nb6 19. f4 Bc4 20. Qd4+ f6 21. g5 Bxe2 22. gxf6+ exf6 23. Nxe2 Rc4 24. Qxd6 Re8 25. e5 Rc6 26. exf6+ Kf7 27. Qd3 Rxf6 28. Qb3+ Kg7 29. Nd4 Qd5 30. Qxd5 Nxd5 31. f5 gxf5 32. Nb5 Nb6 33. Nxa7 Re5 34. Rd8 f4 35. Nc8 Nxc8 36. Rxc8 f3 37. Rd8 f2 38. Rdd1 Rfe6 39. Kc1 Re1 40. Rf1 Rxf1 0-1

[Event "45th Olympiad 2024"]
[Site "Budapest HUN"]
[Date "2024.09.18"]
[Round "7.76"]
[Board "2"]
[White "Salim Mohammed, Salim Al Amri"]
[Black "Chinasamy, Devarajen"]
[Result "1-0"]
[WhiteElo "1926"]
[BlackElo "1975"]
[PlyCount "117"]
[EventDate "2024.09.11"]
[WhiteTeam "Oman"]
[BlackTeam "Mauritius"]
[WhiteTeamCountry "OMN"]
[BlackTeamCountry "MRI"]

1. d4 d5 2. c4 c6 3. Nc3 Nf6 4. Nf3 a6 5. c5 Bg4 6. Ne5 Bh5 7. Qb3 Ra7 8. f3 Nfd7 9. g4 Nxe5 10. gxh5 Ned7 11. e4 $146 ({RR} 11. Bg5 f6 12. Bh4 e5 13. e3 b6 14. O-O-O bxc5 15. dxe5 Nxe5 16. f4 Ned7 17. e4 d4 18. e5 Be7 19. Ne4 Qb6 20. Qe6 Kd8 21. Bh3 Re8 22. Rd3 {1-0 Zaja,I (2488)-Bukal,V (2411) Porto San Giorgio op 13th 2001 (9)}) ({RR} 11. Bg5 f6 12. Bh4 e5 13. e3 b6 14. cxb6 Rb7 15. Na4 exd4 16. exd4 Qe7+ 17. Kf2 Qb4 18. Re1+ Kd8 19. Qe3 Bd6 20. Bg3 Bxg3+ 21. hxg3 Nxb6 22. Nc5 Rf7 23. b3 N6d7 24. Ne6+ Kc8 25. Qf4 Kb7 {1-0 Vesely,M (2140)-Karhanek,P (2210) Ostrava Konik op-A 2007 (6)}) 11... e5 12. exd5 Qh4+ 13. Ke2 exd4 14. Ne4 Nxc5 15. Qb6 Nxe4 16. Qxa7 Qf2+ 17. Kd1 Qxf3+ 18. Kc2 Bd6 19. Qxd4 Qxh1 20. Bd2 Nxd2 21. Re1+ Kd8 22. Qxg7 Re8 23. Qf6+ Be7 24. Rxe7 Nd7 25. Rxd7+ Kxd7 26. Bh3+ Kc7 27. Qxf7+ Kb6 28. Qxe8 Nc4 29. Be6 Qxh2+ 30. Kc3 Nd6 31. Qd8+ Ka7 32. a4 Qe5+ 33. Kb3 cxd5 34. Bg8 d4 35. a5 Qc5 36. Qb6+ Qxb6+ 37. axb6+ Kxb6 38. Bxh7 Ne8 39. Kc4 Nf6 40. Bg6 d3 41. Kxd3 Kc5 42. h6 a5 43. h7 Nxh7 44. Bxh7 Kb4 45. Bg8 a4 46. Ba2 b5 47. Kd4 Ka5 48. Kc5 Ka6 49. Kb4 Kb6 50. Bd5 Ka6 51. Bc6 Kb6 52. Bxb5 Ka7 53. Bxa4 Kb6 54. Bd1 Kb7 55. Kb5 Ka7 56. Bf3 Kb8 57. Kb6 Kc8 58. b4 Kb8 59. b5 1-0

[Event "45th Olympiad 2024"]
[Site "Budapest HUN"]
[Date "2024.09.18"]
[Round "7.76"]
[Board "3"]
[White "Lam Kin Cheung, Stephane"]
[Black "Al Busaidi, Hamood"]
[Result "0-1"]
[WhiteElo "1677"]
[BlackElo "1881"]
[PlyCount "64"]
[EventDate "2024.09.11"]
[WhiteTeam "Mauritius"]
[BlackTeam "Oman"]
[WhiteTeamCountry "MRI"]
[BlackTeamCountry "OMN"]

1. e4 c5 2. Nc3 e6 3. f4 a6 4. g3 d5 5. Bg2 d4 ({RR} 5... dxe4 6. Nxe4 Nf6 7. Nxf6+ Qxf6 8. Nf3 g6 9. O-O Nc6 10. c3 Bg7 11. d3 O-O 12. Ne5 Nxe5 13. fxe5 Qxe5 14. Bf4 Qh5 15. Bf3 Qh3 16. Bd6 Rd8 17. Bxc5 Qf5 18. d4 Qg5 19. Qe2 e5 20. dxe5 {1-0 Gerbelli Neto,E (2114)-Michalski,O (2251) Titled Tue 9th Jan Late 2024 (4)}) 6. Nce2 Nc6 7. d3 h5 $146 ({RR} 7... Nf6 8. h3 Be7 9. Nf3 b5 10. O-O Bb7 11. a3 O-O 12. g4 Qc7 13. f5 Bd6 14. fxe6 fxe6 15. Qe1 Nd7 16. Bd2 Nde5 17. Qh4 Nxf3+ 18. Bxf3 c4 19. g5 Qe7 20. Bg4 e5 21. Rf5 g6 22. Rf6 {1-0 Wang,J (2007)-Sapozhnikov,R (2295) CAN-ch U18 Richmond Hill 2011 (4)}) ({RR} 7... Nf6 8. Nf3 b5 9. h3 Bb7 10. O-O Be7 11. g4 Qb6 12. Ng3 h6 13. a4 b4 14. Rf2 Qc7 15. Nf1 O-O-O 16. N1d2 Qxf4 17. Nxd4 Qc7 18. Nxc6 Bxc6 19. Qf1 Nd7 20. Nc4 f6 21. Bf4 e5 22. Bd2 {0-1 Hamblok,R (2291)-Draftian,A (2212) Flemish-ch Ghent 2018 (4)}) ({RR} 7... Nf6 8. h3 Be7 9. Nf3 O-O 10. O-O b5 11. g4 Bb7 12. a3 Qb6 13. g5 Nd7 14. Qe1 g6 15. Ng3 c4 16. f5 Nde5 17. Nxe5 Nxe5 18. Bf4 Bd6 19. Bxe5 Bxe5 20. f6 Qc7 21. Ne2 cxd3 22. cxd3 {½-½ Grunwald,J (1716)-Prieb,R (1802) GER-chT U16 Aurich 2018 (5.4)}) 8. Nf3 Be7 9. h3 Qc7 10. O-O b5 11. g4 hxg4 12. hxg4 Nh6 13. g5 Ng4 14. c3 Bb7 15. cxd4 cxd4 16. Bd2 f5 17. Qb3 Qd7 18. a4 fxe4 19. Ne5 Ncxe5 20. fxe5 e3 21. Be1 Bxg2 22. Kxg2 Qb7+ 23. Kg3 Nh2 24. Rf4 Qh1 25. Qxe6 Nf1+ 26. Rxf1 Qh2+ 27. Kf3 Rf8+ 28. Ke4 Qg2+ 29. Kxd4 Rd8+ 30. Kxe3 Rxf1 31. Bb4 Qf3+ 32. Kd2 Qxd3# 0-1

[Event "45th Olympiad 2024"]
[Site "Budapest HUN"]
[Date "2024.09.18"]
[Round "7.76"]
[Board "4"]
[White "Al Mashikhi, Mohammed Alyan"]
[Black "Naipal, Hoolan"]
[Result "1-0"]
[WhiteElo "1959"]
[BlackElo "1851"]
[PlyCount "47"]
[EventDate "2024.09.11"]
[WhiteTeam "Oman"]
[BlackTeam "Mauritius"]
[WhiteTeamCountry "OMN"]
[BlackTeamCountry "MRI"]

1. e4 c5 2. Nf3 g6 3. d4 cxd4 4. Nxd4 Bg7 5. Nc3 Nc6 6. Be3 Nh6 ({RR} 6... b6 7. Qd2 Bb7 8. O-O-O Rc8 9. g4 Ne5 10. f3 Nc4 11. Bxc4 Rxc4 12. h4 h5 13. g5 a6 14. f4 b5 15. Rhe1 b4 16. Qd3 Rc8 17. Nd5 e6 18. Nb5 Rc6 19. Bb6 Rxb6 20. Nxb6 axb5 21. Qxd7+ {1-0 Parligras,M (2525)-Khurtsilava,I (2276) Nikaia op 11th 2003 (4)}) 7. f3 O-O ({RR} 7... f5 8. Qd2 Nxd4 9. Bxd4 O-O 10. Bxg7 Kxg7 11. Qd4+ Kg8 12. Bc4+ e6 13. O-O a6 14. Rad1 Qf6 15. e5 Qg5 16. f4 Qh4 17. Qf2 Qe7 18. h3 Kh8 19. Bb3 Rg8 20. Qf3 Rb8 21. Qd3 g5 22. fxg5 {1-0 Al Fayyadh,Y (1595)-Tala,A (1431) Online Olym Div3 C rapid 2020 (8.4)}) 8. Nxc6 $146 ({RR} 8. Nb3 f5 9. Qd2 fxe4 10. Bxh6 Bxh6 11. Qxh6 exf3 12. O-O-O a5 13. Bc4+ Kh8 14. Nc5 Ne5 15. Ne6 {1-0 Kirchmann,S-Strzelczyk,Z Darmstadt Heinerfestpokal op 1996}) 8... dxc6 9. Qc1 Ng4 10. fxg4 Bxc3+ 11. bxc3 Bxg4 12. Bd3 Qa5 13. Qb2 e5 14. O-O Kg7 15. h3 Be6 16. Qxb7 Qxc3 17. Qe7 h5 18. Qf6+ Kh7 19. Rab1 c5 20. Qg5 Rh8 21. Rb7 Raf8 22. Re7 Bxa2 23. Rf6 Kg7 24. Qxg6# 1-0